[Event "23rd European Teams"]
[Site "Terme Catez SLO"]
[Date "2021.11.19"]
[Round "7.17"]
[Board "2"]
[White "Docx, Stefan"]
[Black "Stefansson, Hannes"]
[Result "0-1"]
[WhiteTitle "IM"]
[BlackTitle "GM"]
[WhiteElo "2432"]
[BlackElo "2519"]
[WhiteTeam "Belgium"]
[BlackTeam "Iceland"]
[WhiteFideId "200778"]
[BlackFideId "2300087"]
[EventDate "2021.11.12"]

1. d4 Nf6 2. c4 e6 3. Nf3 d5 4. Nc3 c6 5. e3 Nbd7 6. Be2 Bd6 7. O-O O-O 8. b3 b6
9. Bb2 Bb7 10. Bd3 h6 11. Re1 dxc4 12. bxc4 c5 13. d5 Ne5 14. Nb5 Nxd3 15. Qxd3
Bb8 16. e4 a6 17. Nc3 e5 18. Rab1 Re8 19. Na4 Nd7 20. Bc3 Bc8 21. Qd2 b5 22. Ba5
Bc7 23. Bxc7 Qxc7 24. Nc3 b4 25. Nd1 a5 26. Qd3 a4 27. Nd2 Ra6 28. a3 Qa5 29.
Ne3 Rb6 30. Red1 g6 31. h3 Kg7 32. Ndf1 Nf6 33. g4 Bd7 34. Ng3 Reb8 35. Qd2 Qa7
36. Ra1 bxa3 37. Rxa3 Rb3 38. Rda1 Ne8 39. Qc2 Qb6 40. Kg2 Nd6 41. R1a2 Qb4 42.
Qc1 Rb1 43. Qc3 Qxc3 44. Rxc3 R8b3 45. Rcc2 a3 46. Kf3 Ba4 47. Nf1 Rxf1 0-1

[Event "23rd European Teams"]
[Site "Terme Catez SLO"]
[Date "2021.11.20"]
[Round "8.1"]
[Board "1"]
[White "Radjabov, Teimour"]
[Black "Korobov, Anton"]
[Result "1/2-1/2"]
[WhiteTitle "GM"]
[BlackTitle "GM"]
[WhiteElo "2763"]
[BlackElo "2684"]
[WhiteTeam "Azerbaijan"]
[BlackTeam "Ukraine"]
[WhiteFideId "13400924"]
[BlackFideId "14105730"]
[EventDate "2021.11.12"]

1. d4 Nf6 2. c4 e6 3. Nf3 d5 4. Nc3 Bb4 5. Bg5 h6 6. Bxf6 Qxf6 7. e3 O-O 8. Rc1
dxc4 9. Bxc4 c5 10. Qb3 cxd4 11. Qxb4 Nc6 12. Ne4 Nxb4 13. Nxf6+ gxf6 14. Nxd4
e5 15. Nc2 Nxc2+ 16. Rxc2 Bf5 17. Rc1 Rac8 18. Ke2 Rfd8 19. Rhd1 Rxd1 20. Kxd1
Rd8+ 21. Ke2 Rc8 22. Kd1 Rd8+ 23. Ke2 Rc8 24. Kd1 Rd8+ 25. Ke2 1/2-1/2

[Event "23rd European Teams"]
[Site "Terme Catez SLO"]
[Date "2021.11.20"]
[Round "8.1"]
[Board "2"]
[White "Volokitin, Andrei"]
[Black "Mamedov, Rauf"]
[Result "1/2-1/2"]
[WhiteTitle "GM"]
[BlackTitle "GM"]
[WhiteElo "2656"]
[BlackElo "2673"]
[WhiteTeam "Ukraine"]
[BlackTeam "Azerbaijan"]
[WhiteFideId "14107090"]
[BlackFideId "13401653"]
[EventDate "2021.11.12"]

1. e4 e5 2. Nf3 Nc6 3. Bb5 a6 4. Ba4 Nf6 5. O-O b5 6. Bb3 Bc5 7. a4 Rb8 8. c3 d6
9. d4 Bb6 10. Qd3 O-O 11. axb5 axb5 12. Bg5 exd4 13. cxd4 h6 14. Bh4 g5 15. e5
gxh4 16. Qg6+ Kh8 17. Qxh6+ Nh7 18. Bc2 f5 19. exf6 Rf7 20. Ng5 Qxf6 21. Nxf7+
Qxf7 22. Bxh7 Qxh7 23. Qf8+ Qg8 24. Qh6+ Qh7 25. Qf8+ Qg8 26. Qh6+ Qh7 27. Qf8+
Qg8 28. Qh6+ Qh7 29. Qf8+ Qg8 30. Qh6+ Qh7 1/2-1/2

[Event "23rd European Teams"]
[Site "Terme Catez SLO"]
[Date "2021.11.20"]
[Round "8.1"]
[Board "4"]
[White "Shevchenko, Kirill"]
[Black "Abasov, Nijat"]
[Result "1/2-1/2"]
[WhiteTitle "GM"]
[BlackTitle "GM"]
[WhiteElo "2647"]
[BlackElo "2634"]
[WhiteTeam "Ukraine"]
[BlackTeam "Azerbaijan"]
[WhiteFideId "14129574"]
[BlackFideId "13402960"]
[EventDate "2021.11.12"]

1. d4 Nf6 2. c4 e6 3. Nc3 Bb4 4. Qc2 O-O 5. e4 d5 6. e5 Ne4 7. Bd3 c5 8. a3
Bxc3+ 9. bxc3 Nc6 10. Ne2 cxd4 11. cxd5 exd5 12. cxd4 Bg4 13. f3 Bxf3 14. gxf3
Qh4+ 15. Ng3 Nxd4 16. Qg2 Nc5 17. Bb1 Ncb3 18. Bb2 Nxa1 19. Bxa1 f6 20. Ba2 Rac8
21. O-O Rc2 22. Bxd5+ Kh8 23. Rf2 Rc1+ 24. Rf1 Rc2 25. Rf2 Rc1+ 26. Rf1 Rc2 27.
Rf2 Rc1+ 1/2-1/2

[Event "23rd European Teams"]
[Site "Terme Catez SLO"]
[Date "2021.11.20"]
[Round "8.2"]
[Board "1"]
[White "Grischuk, Alexander"]
[Black "Firouzja, Alireza"]
[Result "1/2-1/2"]
[WhiteTitle "GM"]
[BlackTitle "GM"]
[WhiteElo "2773"]
[BlackElo "2770"]
[WhiteTeam "Russia"]
[BlackTeam "France"]
[WhiteFideId "4126025"]
[BlackFideId "12573981"]
[EventDate "2021.11.12"]

1. e4 e5 2. Nf3 Nc6 3. Bb5 a6 4. Ba4 Nf6 5. O-O b5 6. Bb3 Bc5 7. c3 d6 8. d4 Bb6
9. Be3 O-O 10. Nbd2 Rb8 11. h3 Re8 12. Re1 Bb7 13. Ng5 Re7 14. d5 Bxe3 15. Rxe3
Na7 16. a4 Nc8 17. axb5 axb5 18. c4 c6 19. dxc6 Bxc6 20. cxb5 Bxb5 21. Bxf7+
Rxf7 22. Qb3 d5 23. Nxf7 Kxf7 24. exd5 Qxd5 25. Qxd5+ Nxd5 26. Rxe5 Nf6 27. Ne4
Nd7 28. Rd5 Bc6 29. Rd2 Ne5 30. Re1 Bxe4 31. Rxe4 Nc6 32. Rd3 N8e7 33. b3 Kg8
34. g3 Nf5 35. Kg2 Nfd4 36. Rexd4 Nxd4 37. Rxd4 Rxb3 38. Rd7 h5 39. Rd5 g6 40.
Rd7 Kf8 41. g4 hxg4 42. hxg4 Ra3 43. f3 Rb3 44. Kg3 Rb4 45. Kh4 Rb5 46. Kg3 Rb4
47. f4 Rb3+ 48. Kf2 Ra3 49. Rd5 Kf7 50. Re5 Kf6 51. Re3 Ra4 52. Kf3 Ra1 53. Rb3
Rf1+ 54. Ke3 Re1+ 55. Kf2 Re7 56. Kg3 Ra7 57. Rb5 Ra3+ 58. Kh4 Ra7 59. Rb6+ Kg7
60. Re6 Kf7 61. Rd6 Kg7 62. Rd3 Kf6 63. Kg3 Rb7 64. Kf3 Re7 65. Rd5 Kf7 66. Rd6
Kg7 67. Rc6 Kf7 68. Rc4 Kf6 69. Re4 Ra7 70. Rd4 Re7 71. Rd3 Kf7 72. Ra3 Kf6 73.
Kg3 Kf7 74. Kh4 Rb7 75. Kg5 Kg7 76. Ra5 Rc7 77. Ra6 Rc5+ 78. f5 gxf5 79. gxf5
Rc7 80. Rg6+ Kf7 81. Rh6 Kg7 82. f6+ Kg8 83. Kg6 Rg7+ 84. Kf5 Ra7 85. Kg6 Rg7+
86. fxg7 1/2-1/2

[Event "23rd European Teams"]
[Site "Terme Catez SLO"]
[Date "2021.11.20"]
[Round "8.2"]
[Board "2"]
[White "Vachier-Lagrave, Maxime"]
[Black "Dubov, Daniil"]
[Result "1/2-1/2"]
[WhiteTitle "GM"]
[BlackTitle "GM"]
[WhiteElo "2766"]
[BlackElo "2714"]
[WhiteTeam "France"]
[BlackTeam "Russia"]
[WhiteFideId "623539"]
[BlackFideId "24126055"]
[EventDate "2021.11.12"]

1. e4 e5 2. Nf3 Nc6 3. Bc4 Nf6 4. d3 Be7 5. O-O O-O 6. Re1 d6 7. a4 Be6 8. Nc3
a5 9. Nd5 Nb4 10. Nxf6+ Bxf6 11. Bxe6 fxe6 12. c3 Nc6 13. Bd2 Qe8 14. b4 Qg6 15.
b5 Nb8 16. Be3 Nd7 17. h3 h6 18. Nh2 Kh7 19. g3 Bg5 20. Ra2 Rf7 21. Qg4 Bxe3 22.
Qxg6+ Kxg6 23. Rxe3 Nb6 24. Kg2 Kf6 25. Nf3 Ke7 26. Nd2 Raf8 27. Nb3 Ra8 28. Re1
Rff8 29. Nd2 Rfd8 30. h4 Rac8 31. d4 c5 32. bxc6 Rxc6 33. Rb1 Rd7 34. Rb5 Nc4
35. Nxc4 Rxc4 36. dxe5 dxe5 37. Rxe5 b6 38. Rb5 Rd6 39. e5 Rdc6 40. Rab2 Rxc3
41. Rxb6 Rxb6 42. Rxb6 Rc4 43. Rb7+ Kf8 44. h5 Rxa4 45. f4 Rb4 46. Ra7 a4 47.
Kf3 Rb3+ 48. Kf2 Rb4 49. Ke3 Rb3+ 50. Kd4 Rxg3 51. Rxa4 Rg1 52. Kc5 Rd1 53. Ra8+
Ke7 54. Ra7+ Kf8 55. Kc6 Rd2 56. Rd7 Ra2 57. Rb7 Rd2 58. Rd7 Ra2 59. Rc7 Rd2 60.
Ra7 Rd1 61. Ra8+ Ke7 62. Ra7+ Kf8 63. Ra8+ 1/2-1/2

[Event "23rd European Teams"]
[Site "Terme Catez SLO"]
[Date "2021.11.20"]
[Round "8.2"]
[Board "3"]
[White "Alekseenko, Kirill"]
[Black "Bacrot, Etienne"]
[Result "1/2-1/2"]
[WhiteTitle "GM"]
[BlackTitle "GM"]
[WhiteElo "2710"]
[BlackElo "2647"]
[WhiteTeam "Russia"]
[BlackTeam "France"]
[WhiteFideId "4135539"]
[BlackFideId "605506"]
[EventDate "2021.11.12"]

1. e4 c5 2. Nf3 d6 3. d4 cxd4 4. Nxd4 Nf6 5. Nc3 Nc6 6. Bg5 e6 7. Qd2 a6 8.
O-O-O Bd7 9. f4 Be7 10. Nf3 b5 11. Bxf6 gxf6 12. Bd3 Qa5 13. Kb1 b4 14. Ne2 Qc5
15. f5 a5 16. Nf4 a4 17. Rhe1 Ne5 18. fxe6 fxe6 19. Be2 Rb8 20. Nd4 Kf7 21. Rf1
Rhg8 22. Bh5+ Ng6 23. g4 a3 24. Nb3 Qb5 25. g5 Qxg5 26. Nxg6 Qxh5 27. Nxe7 Qe5
28. Nd4 Kxe7 29. Qh6 Qg5 30. Qxh7+ Rg7 31. Qh3 axb2 32. Qd3 Rb6 33. h4 Qxh4 34.
e5 fxe5 35. Qf3 Rb8 36. Nc6+ Bxc6 37. Qxc6 Rd8 38. Rxd6 Rxd6 39. Qc7+ Rd7 40.
Qc5+ Rd6 41. Qc7+ 1/2-1/2

[Event "23rd European Teams"]
[Site "Terme Catez SLO"]
[Date "2021.11.20"]
[Round "8.3"]
[Board "1"]
[White "Duda, Jan-Krzysztof"]
[Black "Shirov, Alexei"]
[Result "1/2-1/2"]
[WhiteTitle "GM"]
[BlackTitle "GM"]
[WhiteElo "2756"]
[BlackElo "2673"]
[WhiteTeam "Poland"]
[BlackTeam "Spain"]
[WhiteFideId "1170546"]
[BlackFideId "2209390"]
[EventDate "2021.11.12"]

1. e4 e5 2. Nf3 Nc6 3. Bc4 Bc5 4. c3 Nf6 5. d3 O-O 6. O-O d5 7. exd5 Nxd5 8. a4
a5 9. Re1 Bg4 10. Nbd2 Nb6 11. Bb5 Bd6 12. Ne4 Na7 13. h3 Bh5 14. d4 Nxb5 15.
axb5 exd4 16. Nxd6 Qxd6 17. Qxd4 Bxf3 18. Qxd6 cxd6 19. gxf3 Rfd8 20. Re7 Rd7
21. Rxd7 Nxd7 22. Bf4 Nb6 23. b3 a4 24. bxa4 Rxa4 25. Re1 h6 26. Bxd6 Ra5 27.
Rb1 Nc4 28. Bg3 Na3 29. Rb3 Nxb5 30. Kg2 Na3 31. Rxb7 Rc5 32. Bd6 1/2-1/2

[Event "23rd European Teams"]
[Site "Terme Catez SLO"]
[Date "2021.11.20"]
[Round "8.3"]
[Board "2"]
[White "Anton Guijarro, David"]
[Black "Wojtaszek, Radoslaw"]
[Result "1/2-1/2"]
[WhiteTitle "GM"]
[BlackTitle "GM"]
[WhiteElo "2669"]
[BlackElo "2700"]
[WhiteTeam "Spain"]
[BlackTeam "Poland"]
[WhiteFideId "2285525"]
[BlackFideId "1118358"]
[EventDate "2021.11.12"]

1. d4 Nf6 2. Nf3 d5 3. c4 e6 4. Nc3 Bb4 5. e3 O-O 6. Bd2 Nbd7 7. a3 Be7 8. cxd5
exd5 9. Bd3 c6 10. O-O Bd6 11. Qc2 Re8 12. Rfe1 h6 13. h3 Qc7 14. Rac1 a6 15.
Na4 Qd8 16. Nc3 Qc7 17. Na4 Qd8 18. Nc3 Qc7 1/2-1/2

[Event "23rd European Teams"]
[Site "Terme Catez SLO"]
[Date "2021.11.20"]
[Round "8.3"]
[Board "3"]
[White "Piorun, Kacper"]
[Black "Santos Latasa, Jaime"]
[Result "1/2-1/2"]
[WhiteTitle "GM"]
[BlackTitle "GM"]
[WhiteElo "2634"]
[BlackElo "2633"]
[WhiteTeam "Poland"]
[BlackTeam "Spain"]
[WhiteFideId "1130420"]
[BlackFideId "2293307"]
[EventDate "2021.11.12"]

1. d4 d5 2. c4 e6 3. Nf3 Nf6 4. g3 Be7 5. Bg2 O-O 6. O-O dxc4 7. Qc2 a6 8. a4
Bd7 9. Qxc4 Bc6 10. Bg5 Nbd7 11. Rd1 a5 12. Qc1 h6 13. Bxf6 Nxf6 14. Nbd2 Bb4
15. Nc4 Bxf3 16. Bxf3 c6 17. h4 Qe7 18. Rd3 Rfd8 19. Qd1 h5 20. Rc1 g6 21. Rc2
Nd7 22. Qc1 Kg7 23. Qf4 Rac8 24. Kg2 Re8 25. Rc1 Red8 26. Qe3 Re8 27. Qf4 Red8
28. Qe3 Re8 29. Qf4 Red8 30. Qe3 Re8 1/2-1/2

[Event "23rd European Teams"]
[Site "Terme Catez SLO"]
[Date "2021.11.20"]
[Round "8.3"]
[Board "4"]
[White "Salgado Lopez, Ivan"]
[Black "Moranda, Wojciech"]
[Result "1/2-1/2"]
[WhiteTitle "GM"]
[BlackTitle "GM"]
[WhiteElo "2609"]
[BlackElo "2623"]
[WhiteTeam "Spain"]
[BlackTeam "Poland"]
[WhiteFideId "2257327"]
[BlackFideId "1122401"]
[EventDate "2021.11.12"]

1. d4 Nf6 2. c4 e6 3. Nf3 d5 4. Nc3 dxc4 5. e4 b5 6. e5 Nd5 7. Nxb5 Nb6 8. Be2
Be7 9. Be3 Nc6 10. a3 Qd7 11. Nc3 Na5 12. Qc2 Bb7 13. Rd1 Rb8 14. h4 h6 15. Rh3
Bc6 16. h5 Ba4 17. Nxa4 Qxa4 18. Rc1 Nb3 19. Rd1 Na5 20. Rc1 Nb3 21. Rd1 Na5 22.
Rc1 Nb3 1/2-1/2

[Event "23rd European Teams"]
[Site "Terme Catez SLO"]
[Date "2021.11.20"]
[Round "8.4"]
[Board "1"]
[White "Sargissian, Gabriel"]
[Black "Indjic, Aleksandar"]
[Result "1/2-1/2"]
[WhiteTitle "GM"]
[BlackTitle "GM"]
[WhiteElo "2664"]
[BlackElo "2612"]
[WhiteTeam "Armenia"]
[BlackTeam "Serbia"]
[WhiteFideId "13300881"]
[BlackFideId "911925"]
[EventDate "2021.11.12"]

1. d4 Nf6 2. c4 e6 3. Nf3 d5 4. Nc3 dxc4 5. Bg5 a6 6. a4 Nc6 7. e3 Na5 8. Nd2
Bb4 9. Bxf6 Qxf6 10. Nxc4 O-O 11. Nxa5 Bxa5 12. Bd3 g6 13. O-O e5 14. d5 Qe7 15.
Qb3 Kg7 16. Rfd1 Rd8 17. Ne4 Qb4 18. Qxb4 Bxb4 19. Be2 f5 20. Ng5 e4 21. Rac1
Bd6 22. g3 Bd7 23. Ne6+ Bxe6 24. dxe6 Kf6 25. Bc4 Ke7 26. Kf1 c6 27. Ke2 Be5 28.
Ba2 Rxd1 29. Rxd1 Rd8 30. Rc1 g5 31. h4 gxh4 32. gxh4 Rg8 33. b4 Bd6 34. b5 axb5
35. axb5 cxb5 36. Rd1 Rc8 37. h5 b4 38. Bd5 Rc3 39. Rb1 Rc2+ 40. Kf1 Rd2 41.
Bxb7 Kxe6 42. Ke1 Rc2 43. Rd1 Rc5 44. Rb1 Be5 45. Ke2 Rc2+ 46. Kd1 Rxf2 47. Rxb4
Kf6 48. Rb6+ Kg5 49. Rb5 Kf6 50. Rb6+ Ke7 51. Rh6 Bc3 52. Rxh7+ Kf6 53. Rd7 Kg5
54. Rd5 Kxh5 55. Rc5 Bd2 56. Bxe4 Bxe3 57. Rxf5+ 1/2-1/2

[Event "23rd European Teams"]
[Site "Terme Catez SLO"]
[Date "2021.11.20"]
[Round "8.4"]
[Board "2"]
[White "Ivanisevic, Ivan"]
[Black "Martirosyan, Haik M."]
[Result "0-1"]
[WhiteTitle "GM"]
[BlackTitle "GM"]
[WhiteElo "2604"]
[BlackElo "2624"]
[WhiteTeam "Serbia"]
[BlackTeam "Armenia"]
[WhiteFideId "912417"]
[BlackFideId "13306553"]
[EventDate "2021.11.12"]

1. d4 Nf6 2. c4 e6 3. Nc3 Bb4 4. e3 O-O 5. Bd3 d5 6. a3 Bxc3+ 7. bxc3 dxc4 8.
Bxc4 c5 9. Ne2 Nc6 10. Ng3 Nd5 11. Qc2 cxd4 12. cxd4 e5 13. dxe5 Nxe5 14. Be2
Bg4 15. f3 Be6 16. O-O Rc8 17. Qe4 Qf6 18. Qd4 Nc3 19. f4 Nd7 20. Qxf6 Nxe2+ 21.
Nxe2 Nxf6 22. Nd4 Rfe8 23. Bb2 Bd7 24. Rfe1 b6 25. h3 Ne4 26. Rad1 f6 27. Kh2
Re7 28. Rc1 Nc5 29. Rc3 Rce8 30. Bc1 Kf7 31. Rf1 g6 32. g4 h6 33. Rc2 Ba4 34.
Rg2 Rc8 35. h4 Bc6 36. Rg3 Ne4 37. Rgg1 Bd7 38. h5 Rc3 39. hxg6+ Kxg6 40. Rg2
Re8 41. Rd1 Ba4 42. Rh1 Rd3 43. f5+ Kf7 44. Ne2 Rc8 45. Nd4 Rdc3 46. Bb2 Rxe3
47. Rc1 Rxc1 48. Bxc1 Rd3 49. Ne6 Bd1 50. Rg1 Nf2 51. Nf4 Rc3 52. Kg2 Rc2 53.
Kf1 Nxg4 0-1

[Event "23rd European Teams"]
[Site "Terme Catez SLO"]
[Date "2021.11.20"]
[Round "8.4"]
[Board "3"]
[White "Hovhannisyan, Robert"]
[Black "Markus, Robert"]
[Result "1-0"]
[WhiteTitle "GM"]
[BlackTitle "GM"]
[WhiteElo "2622"]
[BlackElo "2609"]
[WhiteTeam "Armenia"]
[BlackTeam "Serbia"]
[WhiteFideId "13302507"]
[BlackFideId "921637"]
[EventDate "2021.11.12"]

1. e4 e6 2. d4 d5 3. Nc3 dxe4 4. Nxe4 Bd7 5. Nf3 Bc6 6. Bd3 Nd7 7. c3 Ngf6 8.
Nxf6+ Nxf6 9. Bf4 Bxf3 10. Qxf3 c6 11. O-O Bd6 12. Be5 Bxe5 13. dxe5 Nd7 14.
Rfe1 Qg5 15. Qe2 O-O-O 16. Rad1 Nc5 17. g3 g6 18. h4 Qh6 19. Bc4 Rxd1 20. Rxd1
Rd8 21. Kg2 Rxd1 22. Qxd1 Nd7 23. f4 Qf8 24. Qd4 a6 25. Be2 h5 26. b4 Qd8 27.
Kf2 Qc7 28. Qe3 a5 29. a3 Kd8 30. Qa7 axb4 31. axb4 Qb6+ 32. Qxb6+ Nxb6 33. Ke3
Nd5+ 34. Kd4 b6 35. f5 Ne7 36. fxg6 fxg6 37. Ke4 Nd5 38. Bd3 Ke7 39. Kd4 Kf7 40.
Be4 Ne7 41. Ke3 Nd5+ 42. Kd3 Ne7 43. c4 Kg7 44. Ke3 Kh6 45. c5 bxc5 46. bxc5 g5
47. Kd4 gxh4 48. gxh4 Kg7 49. Kc3 Ng6 50. Bxc6 Kf7 51. Kd4 Ke7 52. Be4 Nh8 53.
Ke3 1-0

[Event "23rd European Teams"]
[Site "Terme Catez SLO"]
[Date "2021.11.20"]
[Round "8.4"]
[Board "4"]
[White "Perunovic, Milos"]
[Black "Ter-Sahakyan, Samvel"]
[Result "0-1"]
[WhiteTitle "GM"]
[BlackTitle "GM"]
[WhiteElo "2541"]
[BlackElo "2615"]
[WhiteTeam "Serbia"]
[BlackTeam "Armenia"]
[WhiteFideId "921629"]
[BlackFideId "13302531"]
[EventDate "2021.11.12"]

1. e4 c5 2. Nf3 d6 3. d4 cxd4 4. Nxd4 Nf6 5. Nc3 a6 6. Bd3 e5 7. Nde2 Be7 8. O-O
Be6 9. f4 exf4 10. Nxf4 Nc6 11. Kh1 O-O 12. Be3 Ne5 13. Bd4 Nfd7 14. Qe2 Bg5 15.
Ncd5 Re8 16. Nxe6 fxe6 17. Ne3 Qe7 18. Ng4 Nxg4 19. Qxg4 Bf6 20. c3 Bxd4 21.
cxd4 Nf6 22. Qh3 e5 23. d5 Rac8 24. Rac1 Rxc1 25. Rxc1 Qd8 26. Qe3 Ng4 27. Qe2
Qg5 28. Rf1 Rc8 29. Qf3 Qf4 30. g3 Qxf3+ 31. Rxf3 Rc1+ 32. Kg2 Rd1 33. Bf1 Rd2+
34. Kg1 Rxb2 35. Rc3 Rxa2 36. Bh3 h5 37. Rc8+ Kh7 38. Rd8 Ra1+ 39. Kg2 Ra2+ 40.
Kg1 a5 41. Rxd6 a4 42. Rb6 Rd2 43. Rxb7 a3 44. Ra7 a2 45. Bf1 Ne3 0-1

[Event "23rd European Teams"]
[Site "Terme Catez SLO"]
[Date "2021.11.20"]
[Round "8.5"]
[Board "1"]
[White "Erdos, Viktor"]
[Black "Giri, Anish"]
[Result "1/2-1/2"]
[WhiteTitle "GM"]
[BlackTitle "GM"]
[WhiteElo "2615"]
[BlackElo "2774"]
[WhiteTeam "Hungary"]
[BlackTeam "Netherlands"]
[WhiteFideId "719978"]
[BlackFideId "24116068"]
[EventDate "2021.11.12"]

1. d4 d5 2. c4 e6 3. Nc3 Nf6 4. Bg5 Be7 5. e3 h6 6. Bxf6 Bxf6 7. Nf3 O-O 8. Rc1
a6 9. Bd3 dxc4 10. Bxc4 Nd7 11. Ne4 b6 12. Nxf6+ Qxf6 13. Bd3 c5 14. Be4 Ra7 15.
O-O a5 16. Qa4 cxd4 17. Qxd4 e5 18. Qc3 Nc5 19. Bd5 Re8 20. Rfd1 Bg4 21. h3 Bh5
22. Rd2 Rd7 23. Rcd1 Kh7 24. Qc2+ Bg6 25. Qc3 Kh8 26. b3 Bh5 27. a3 Rxd5 28.
Rxd5 Ne4 29. Qc2 Bxf3 30. gxf3 Ng5 31. f4 exf4 32. Qf5 Qxf5 33. Rxf5 fxe3 1/2-1/2

[Event "23rd European Teams"]
[Site "Terme Catez SLO"]
[Date "2021.11.20"]
[Round "8.5"]
[Board "2"]
[White "Van Foreest, Lucas"]
[Black "Berkes, Ferenc"]
[Result "1-0"]
[WhiteTitle "GM"]
[BlackTitle "GM"]
[WhiteElo "2532"]
[BlackElo "2676"]
[WhiteTeam "Netherlands"]
[BlackTeam "Hungary"]
[WhiteFideId "1039792"]
[BlackFideId "718572"]
[EventDate "2021.11.12"]

1. e4 d6 2. d4 Nf6 3. Nc3 e5 4. Nf3 Nbd7 5. Bc4 Be7 6. O-O O-O 7. a4 h6 8. h3
Re8 9. Be3 exd4 10. Bxd4 Nf8 11. Re1 Be6 12. Qd3 c6 13. a5 Qc7 14. Be3 N6d7 15.
Ne2 Ne5 16. Nxe5 dxe5 17. Qc3 Bxc4 18. Qxc4 Ne6 19. Red1 b5 20. axb6 axb6 21.
Ng3 Kh7 22. Nf5 Bf8 23. Qe2 g6 24. Nh4 Nd4 25. Bxd4 Rxa1 26. Rxa1 exd4 27. Nf3
Bg7 28. Re1 b5 29. h4 Qd7 30. e5 c5 31. Qe4 Re6 32. h5 Kg8 33. Ra1 g5 34. b4
cxb4 35. Ra8+ Re8 36. Nxd4 Rxa8 37. Qxa8+ Bf8 38. Qe4 Bg7 39. g3 Qc8 40. Nxb5
Qe6 41. Nd4 Qc4 42. Kg2 Kh8 43. Kg1 Kg8 44. Qa8+ Kh7 45. Nf5 Bxe5 46. Qf8 Qe6
47. Ne7 f6 48. Ng6 f5 49. Qxb4 Bg7 50. Qe7 Qc8 51. Qf7 f4 52. Ne7 Qf8 53. Qf5+
Qxf5 54. Nxf5 fxg3 55. fxg3 Bf8 56. g4 Kg8 57. Kg2 Kf7 58. Kf3 1-0

[Event "23rd European Teams"]
[Site "Terme Catez SLO"]
[Date "2021.11.20"]
[Round "8.5"]
[Board "3"]
[White "Gledura, Benjamin"]
[Black "Van Foreest, Jorden"]
[Result "1/2-1/2"]
[WhiteTitle "GM"]
[BlackTitle "GM"]
[WhiteElo "2635"]
[BlackElo "2701"]
[WhiteTeam "Hungary"]
[BlackTeam "Netherlands"]
[WhiteFideId "712779"]
[BlackFideId "1039784"]
[EventDate "2021.11.12"]

1. d4 d5 2. c4 e6 3. Nf3 c5 4. e3 Nf6 5. cxd5 exd5 6. Bb5+ Nbd7 7. dxc5 a6 8.
Be2 Nxc5 9. O-O Be7 10. b3 O-O 11. Bb2 Bf5 12. Nc3 Rc8 13. Rc1 Qd7 14. Nd4 Bg6
15. Nf3 Bf5 16. Nd4 Bg6 17. Nf3 Bf5 1/2-1/2

[Event "23rd European Teams"]
[Site "Terme Catez SLO"]
[Date "2021.11.20"]
[Round "8.5"]
[Board "4"]
[White "Warmerdam, Max"]
[Black "Kantor, Gergely"]
[Result "1/2-1/2"]
[WhiteTitle "GM"]
[BlackTitle "GM"]
[WhiteElo "2608"]
[BlackElo "2566"]
[WhiteTeam "Netherlands"]
[BlackTeam "Hungary"]
[WhiteFideId "1048104"]
[BlackFideId "751499"]
[EventDate "2021.11.12"]

1. e4 e5 2. Nf3 Nc6 3. Bb5 a6 4. Ba4 Nf6 5. O-O Be7 6. Bxc6 dxc6 7. d3 Nd7 8.
Be3 O-O 9. Nc3 Re8 10. a4 a5 11. Ne2 Bf8 12. Nd2 c5 13. Nc4 b6 14. Ng3 Nb8 15.
Qd2 Nc6 16. f4 exf4 17. Bxf4 Be6 18. b3 Nd4 19. Kh1 c6 20. Rab1 b5 21. Ne3 Ra7
22. Qf2 f6 23. Nef5 Rd7 24. Be3 Kh8 25. Ra1 Bf7 26. Nxd4 cxd4 27. Bd2 b4 28. Qf3
Bd6 29. Nf5 Be5 30. Rf2 Be6 31. g4 c5 32. Qh3 Rf7 33. Bf4 Qc7 34. Raf1 Bd7 35.
Nh4 Kg8 36. Bxe5 Qxe5 37. Nf3 Qf4 38. Rg2 Ref8 39. Qh5 Qd6 40. Nd2 Be6 41. h3
Qe5 42. Qh4 Qd6 43. Qh5 Qe5 44. Qh4 Qd6 45. Rf3 Qe5 46. Kg1 Qd6 47. Qh5 Qc7 48.
Rgf2 Qc6 49. Qh4 Qc7 50. Kf1 Qd6 51. Ke1 Qc7 52. Kd1 Qd6 53. Kc1 Qc7 54. Rg2 Qe7
55. Qg3 Qd8 56. h4 Qd7 57. h5 Qc7 58. Qf2 Qe5 59. Rh3 Qd6 60. Kb1 Qc7 61. Rg1
Qd6 62. Rg2 Qc7 63. Rh1 Qd6 64. Rh3 1/2-1/2

[Event "23rd European Teams"]
[Site "Terme Catez SLO"]
[Date "2021.11.20"]
[Round "8.6"]
[Board "1"]
[White "McShane, Luke J"]
[Black "Andersen, Mads"]
[Result "1/2-1/2"]
[WhiteTitle "GM"]
[BlackTitle "GM"]
[WhiteElo "2667"]
[BlackElo "2575"]
[WhiteTeam "England"]
[BlackTeam "Denmark"]
[WhiteFideId "404853"]
[BlackFideId "1413864"]
[EventDate "2021.11.12"]

1. e4 e5 2. Nf3 Nc6 3. Bb5 a6 4. Bxc6 dxc6 5. O-O Bd6 6. d4 exd4 7. Qxd4 f6 8.
Nbd2 Be6 9. e5 fxe5 10. Nxe5 Ne7 11. Ndf3 O-O 12. Re1 Bd5 13. Bg5 h6 14. Bxe7
Bxe7 15. Rad1 Bf6 16. Qb4 Qc8 17. b3 a5 18. Qc5 Qf5 19. g4 Qc8 20. Rxd5 Bxe5 21.
Nxe5 cxd5 22. Qxd5+ Kh7 23. Qe4+ Kg8 24. Qd5+ Kh7 25. Qe4+ Kg8 26. Ng6 Re8 27.
Qc4+ Kh7 28. Ne7 Qd7 29. Re6 Red8 30. Qe4+ Kh8 31. Ng6+ Kg8 32. Ne7+ Kh8 33.
Ng6+ Kg8 34. Re7 Qc6 35. Qxc6 bxc6 36. Rxc7 a4 37. Kg2 Rd2 38. Rxc6 axb3 39.
axb3 Ra2 40. Rc8+ Kf7 41. Ne5+ Kf6 42. Nc4 Rdxc2 43. Rf8+ Ke7 1/2-1/2

[Event "23rd European Teams"]
[Site "Terme Catez SLO"]
[Date "2021.11.20"]
[Round "8.6"]
[Board "2"]
[White "Thybo, Jesper Sondergaard"]
[Black "Jones, Gawain C B"]
[Result "0-1"]
[WhiteTitle "GM"]
[BlackTitle "GM"]
[WhiteElo "2604"]
[BlackElo "2654"]
[WhiteTeam "Denmark"]
[BlackTeam "England"]
[WhiteFideId "1438832"]
[BlackFideId "409561"]
[EventDate "2021.11.12"]

1. d4 Nf6 2. c4 g6 3. Nc3 Bg7 4. e4 d6 5. Nf3 O-O 6. Be2 e5 7. O-O Nc6 8. d5 Ne7
9. Ne1 Nd7 10. Nd3 f5 11. f3 f4 12. b4 g5 13. c5 Nf6 14. a4 h5 15. a5 Ng6 16.
Nf2 Kh8 17. a6 bxa6 18. c6 Rb8 19. Bxa6 g4 20. Bxc8 Qxc8 21. b5 Bh6 22. Rxa7 Nh4
23. fxg4 Rg8 24. Kh1 hxg4 25. g3 Nf3 26. Nxg4 Nxh2 27. Nxh2 Qh3 28. Rf3 fxg3 29.
Ra2 Ng4 30. Bxh6 Qh4 31. Bf4 exf4 32. Rxf4 Rbf8 33. Qd4+ Kh7 34. e5 gxh2 35.
Qd3+ Kh8 36. Rxf8 Rxf8 37. Qd1 Qh3 0-1